000
00204 a2200097 4500
001
2882
100
_a
Shepleg, J.R.
245
_a
The hydrogen bomb
260
_a
_b
David Mokay Co
_c
090
_c
2175
_d
2175
942
_a
NUST-CAE
_c
M
_c
13058
999
_c
237955
_d
237955